[Event "1st Facebook Tournament"]
[Site "SchemingMind.com"]
[Date "2007.08.01"]
[Round "-"]
[White "aliwood"]
[Black "Space"]
[Result "0-1"]
[WhiteCountry "ENG"]
[BlackCountry "SWE"]
[WhiteElo "1103"]
[WhiteRD "107"]
[BlackElo "2165"]
[BlackRD "87"]
[GameID "114405"]

1. e4 c5 2. d4 cxd4 3. Nf3 d6 4. Nxd4 Nf6 5. Bc4 e6 6. O-O Be7 7. Nc3 O-O 8. Bg5 a6 9. b4 Qc7 10. Qd3 d5
11. Bb3 Ng4 12. Bxe7 Qxh2#
0-1

[Event "1st Facebook Tournament"]
[Site "SchemingMind.com"]
[Date "2007.07.28"]
[Round "-"]
[White "jtrochez1"]
[Black "Space"]
[Result "0-1"]
[WhiteCountry "HON"]
[BlackCountry "SWE"]
[WhiteElo "1572"]
[WhiteRD "47"]
[BlackElo "2164"]
[BlackRD "87"]
[GameID "114406"]

1. e4 c5 2. Nf3 d6 3. d4 cxd4 4. Nxd4 Nf6 5. Nc3 g6 6. Be3 Bg7 7. Bd3 O-O 8. h3 Nc6 9. Nxc6 bxc6 10. Qd2 d5
11. exd5 Nxd5 12. Nxd5 Qxd5 13. O-O Bxb2 14. c4 Qe5 15. f4 Qf6 16. Rab1 Bc3 17. Qe2 Rd8 18. c5 Be6 19. a4 Rab8 20. Rxb8 Rxb8
21. Rb1 Rxb1+ 22. Bxb1 Bb3 23. Bc2 Bxc2 24. Qxc2 Bd4 25. Bxd4 Qxd4+
0-1

[Event "1st Facebook Tournament"]
[Site "SchemingMind.com"]
[Date "2007.07.28"]
[Round "-"]
[White "e_castle3"]
[Black "Space"]
[Result "0-1"]
[WhiteCountry "PHI"]
[BlackCountry "SWE"]
[WhiteElo "1816"]
[WhiteRD "68"]
[BlackElo "2196"]
[BlackRD "82"]
[GameID "114407"]

1. Nf3 Nf6 2. d4 e6 3. Bg5 h6 4. Bh4 b6 5. Nc3 Bb7 6. e3 g5 7. Bg3 Bb4 8. Be5 Bxc3+ 9. bxc3 d6 10. Bxf6 Qxf6
11. Be2 Nd7 12. O-O g4 13. Nd2 h5 14. Qe1 Ke7 15. f3 Rag8 16. Ne4 Qh6 17. Bd3 gxf3 18. Qh4+ f6 19. Rxf3 Rg4 20. Qf2 Bxe4
21. Bxe4 Rxe4 22. Rf1 Rg8 23. Qe2 f5 24. Qd3 Reg4 25. R1f2 Qg6 26. Qf1 Nf6 27. h3 Rg5 28. h4 Rg4 29. Rh3 Ne4
0-1

[Event "1st Facebook Tournament"]
[Site "SchemingMind.com"]
[Date "2007.07.28"]
[Round "-"]
[White "Archon"]
[Black "Space"]
[Result "0-1"]
[WhiteCountry "CAN"]
[BlackCountry "SWE"]
[WhiteElo "1707"]
[WhiteRD "52"]
[BlackElo "2165"]
[BlackRD "87"]
[GameID "114408"]

1. e4 c5 2. Nf3 Nc6 3. d4 cxd4 4. Nxd4 e6 5. Nb5 d6 6. c4 Nf6 7. N1c3 a6 8. Na3 Be7 9. Be2 O-O 10. O-O b6
11. Be3 Bb7 12. Qb3 Nd7 13. Rfd1 Nc5 14. Qc2 Bf6 15. Rac1 Be5 16. Nab1 f5 17. exf5 Rxf5 18. Bg4 Rf4 19. Bxf4 Bxf4 20. Re1 Qg5
21. Bf3 Nd4 22. Qd1 Nxf3+
0-1

[Event "1st Facebook Tournament"]
[Site "SchemingMind.com"]
[Date "2007.07.28"]
[Round "-"]
[White "javilez"]
[Black "Space"]
[Result "0-1"]
[WhiteCountry "NCA"]
[BlackCountry "SWE"]
[WhiteElo "1797"]
[WhiteRD "61"]
[BlackElo "2196"]
[BlackRD "82"]
[GameID "114409"]

1. d4 Nf6 2. c4 e6 3. Nc3 Bb4 4. Bd2 O-O 5. e3 d5 6. Nf3 b6 7. a3 Bd6 8. b4 c5 9. dxc5 bxc5 10. Nb5 Be7
11. Bc3 a6
0-1

[Event "1st Facebook Tournament"]
[Site "SchemingMind.com"]
[Date "2007.07.27"]
[Round "-"]
[White "Hawkmanzz"]
[Black "Space"]
[Result "0-1"]
[WhiteCountry "USA"]
[BlackCountry "SWE"]
[WhiteElo "2096"]
[WhiteRD "93"]
[BlackElo "2210"]
[BlackRD "79"]
[GameID "114410"]

1. e4 e5 2. Nf3 Nc6 3. Nc3 Nf6 4. d4 exd4 5. Nxd4 Bb4 6. Nxc6 bxc6 7. Bd3 d5 8. exd5 cxd5 9. Qe2+ Be7 10. O-O O-O
11. Re1 Be6 12. Nb5 c5 13. c4 a6 14. Nc3 d4 15. Ne4 Qc7 16. Nxf6+ Bxf6 17. Qe4 g6 18. Bf4 Qd7 19. Qf3 Rfe8 20. a3 Bf5
21. b4 Bxd3 22. Qxd3 Qc6 23. Rab1 Rxe1+ 24. Rxe1 Rc8= 25. b5 axb5 26. cxb5 Qb6 27. Qc4 Qa5 28. Rb1 Qa8 29. b6 Qe4 30. Qc1 Be5
31. Bxe5 Qxe5 32. a4 d3 33. b7 Rb8 34. a5 Qd6 35. Rb2 Qf6 36. Rb1 Qd6= 37. Rb2 Qf6 38. Rb6 d2 39. Qf1 Qd8 40. Qd1 c4
41. Rb1 Qxa5 42. g4 c3 43. Qc2 Qe5 44. Qd3 Rxb7 45. Rxb7 Qe1+ 46. Kg2 d1=Q 47. Qxd1 Qxd1 48. Rb8+ Kg7 49. h3 c2 50. Rc8 c1=Q
51. Rxc1 Qxc1 52. Kf3 f5 53. gxf5 gxf5 54. Kg3 Kg6 55. Kg2 f4 56. h4 Qd1 57. Kh2 Kh5 58. Kg2 Kg4 59. Kh2 Qf1 60. h5 Kf3
61. h6 Qg2#
0-1